Statistiche per Film che hanno vinto più Premi Oscar

Clicka qui per fare il quiz!

Statistiche generali

  • Questo quiz è stato fatto 43 volte
  • Il punteggio medio è 15 su 41

Statistiche sulle risposte

#AnnoAttore/AttriceIndizioFilm% Corretto
111997Kate WinsletAffondamento di una naveTitanic
100%
61994Tom HanksPescatore di gamberetti con problemi mentaliForrest Gump
81%
62016Emma StoneUn musicista e un'attrice si innamorano a Los AngelesLa La Land
81%
72024Cillian MurphyLa realizzazione della bomba atomicaOppenheimer
78%
112003Elijah WoodGettare un gioiello in un vulcanoIl signore degli anelli - Il ritorno del re
76%
62021Timothée ChalametUn pianeta molto sabbiosoDune
70%
61977Carrie FisherIn una galassia lontana…Guerre Stellari
68%
71993Liam NeesonSalvataggio degli Ebrei dai NazistiSchindler's List - La lista di Schindler
65%
81984F. Murray AbrahamVita e morte di MozartAmadeus
57%
111959Charlton HestonCorsa delle bigheBen-Hur
57%
61974Al PacinoL'ascesa di Vito e di MichaelIl Padrino, Parte II
57%
71990Kevin CostnerDiventare nativo dei SiouxBalla coi Lupi
54%
91987John Lone Estinzione della dinastia QingL'ultimo imperatore
46%
72023Michelle YeohUniversi paralleli
Everything Everywhere
All at Once
43%
81982Ben KingsleyPacifista vestito solo da un semplice panno biancoGandhi
43%
81939Vivien LeighIncendio di AtlantaVia col vento
43%
71998Gwyneth PaltrowIl Bardo cerca il romanticismoShakespeare in Love
38%
82008Dev PatelGerry Scotti nel subcontinenteThe Millionaire
38%
72013Sandra BullockLa spazzatura nello spazio è pericolosaGravity
35%
91996Ralph FiennesVittima ustionata della Seconda guerra MondialeIl paziente inglese
35%
71985Meryl StreepAristocratica danese in KenyaLa mia Africa
35%
62015Charlize TheronCarenza idrica in AustraliaMad Max: Fury Road
30%
101961Natalie WoodGangs che combattono...e ballano!West Side Story
30%
71962Peter O'TooleGuerriglia britannica in Medio OrienteLawrence d'Arabia
27%
62002Catherine Zeta-JonesTango tra le celle della prigioneChicago
22%
71973Robert RedfordTruffatori nell'Illinois dell'era della DepressioneLa Stangata
22%
71970George C. ScottTenace generale della Seconda Guerra MondialePatton
22%
81954Marlon BrandoMarlon contro il boss del sindacatoFronte del porto
19%
81972Liza MinnelliUn club tedesco con LizaCabaret
16%
62009Jeremy RennerSminatore in IraqThe Hurt Locker
16%
71957Alec GuinnessCostruzione di infrastrutture in BirmaniaIl ponte sul fiume Kwai
14%
61950Bette DavisContrasti tra stelle di BroadwayEva contro Eva
11%
81964Audrey HepburnPigmalioneMy Fair Lady
8%
61951Gene KellyArtista nella capitale franceseUn Americano a Parigi
8%
91958Maurice ChevalierL'educazione di una giovane pariginaGigi
5%
61951Elizabeth TaylorTragedia al lagoUn posto al sole
5%
61966Paul ScofieldSir Thomas MoreUn uomo per tutte le stagioni
5%
81953Burt LancasterSoldati alle HawaiiDa qui all'eternità
3%
71946Myrna LoyReinserimento di tre reduci nella societàI migliori anni della nostra vita
3%
71944Bing CrosbyC'è un nuovo prete in cittàLa mia via
3%
61942Greer GarsonCasalinga durante la Seconda Guerra MondialeLa signora Miniver
3%

Distribuzione punteggi

Percentile per numero di risposta

Percentuale di utenti per punteggio

I tuoi punteggi nel tempo

Non hai fatto questo quiz